000 00337nam a22001457a 4500
003 OSt
008 220521b ||||| |||| 00| 0 eng d
022 _a978-0-141-98851-1
082 _a170.44 PET
100 _aPETERSON,Jordan
245 _a12 Rules for Life
260 _aU.K.
_bPenguin Books
_c2019
300 _a409
942 _2ddc
_cBK
999 _c11262
_d11262